Srikandi [

Bibliographic Details
Format: Book
Published: Kuala Lumpur : Suria Records Sdn Bhd , 1999
Subjects:

MARC

LEADER 00000cam a2200000 7i4500
001 0000041808
005 20020218.0
090 0 0 |a MUZ   |b SRI 
245 0 0 |a Srikandi [  |h cd music] 
260 |a Kuala Lumpur :   |b Suria Records Sdn Bhd ,   |c 1999 
300 |a 1 CD music (65 minutes) :   |b col 
500 |a Library has 3 copies 
650 0 0 |a Srikandi 
999 |a AV 01237   |b CD MUSIC   |c PINJAMAN   |e PERPUSTAKAAN KOMUNITI PETALING JAYA 
999 |a AV 03600   |b CD MUSIC   |c MUZIK   |e PERPUSTAKAAN KOMUNITI PETALING JAYA